Statistiques concernant Les herbes aromatiques dans la cuisine française

Cliquez ici pour prendre le quiz!

Statistiques générales

  • Ce quiz a été pris 561 fois
  • Le résultat moyen est 11 sur 22

Statistiques - réponses

Herbe aromatique% Correct
thym
95%
persil
91%
ciboulette
82%
romarin
81%
basilic
80%
laurier
75%
coriandre
73%
menthe
70%
aneth
64%
marjolaine
64%
estragon
52%
sauge
51%
fenouil
43%
cerfeuil
41%
verveine
30%
lavande
28%
sarriette
23%
mélisse
18%
oseille
18%
camomille
16%
liveche
7%
pimprenelle
4%

Distribution des résultats

Percentile par nombre de réponses

% des personnes avec chaque résultat

Votre développement - résultats

Vous n’avez pas pris ce quiz